000 00529nam a22001697a 4500
005 20250702123220.0
008 250702b |||||||| |||| 00| 0 eng d
020 _a 978-3030519193
082 _a005.8
_bHAS-A
100 _aHassanien, Aboul Ellla
245 _aArtificial Intelligence for Sustainable Development :
_bTheory, Practice and Future Applications /
260 _aUSA:
_bSpringer;
_c2020.
300 _axiv, 308 p. :
_bill;
_c24 cm.
500 _ainclude index.
650 _aArtidicial Intelligence
999 _c36955
_d36955